| 000 | 00569nam a2200205Ia 4500 | ||
|---|---|---|---|
| 003 | GCL | ||
| 008 | 140319s9999 xx 000 0 ara d | ||
| 040 |
_aGCL / _cGCL |
||
| 082 | 0 | 4 |
_a813.083 _bم ح |
| 100 | 1 | _aمجيد الطوبيا | |
| 245 | 1 | 0 |
_aالحادثة التى جرت / _cمجيد الطوبيا |
| 300 | _a163 ص | ||
| 490 | _a | ||
| 650 | 0 | 4 | _aالادب العربى |
| 650 | 0 | 4 | _aالقصص العربية |
| 650 | 0 | 4 | _aالقصص الاجتماعية |
| 650 | 0 | 4 | _aالقصة القصيرة |
| 650 | 0 | 4 | _aالمجموعات |
| 942 |
_2ddc _cBK |
||
| 999 |
_c39473 _d39473 |
||